00422 2200169 4500001002100000005001500021008004100036035001900077041000700096082001100103090001700114100002200131245003300153260003100186300002600217650000900243INLIS00000000000265420241224112558241224||||||||| | ||| |||| || |  0010-1224002654 aid0 a782.43 a782.43 THU k0 aThursan (a) Hakim00aKumpulan Lengkap Lagu daerah aJakartabBintang Indonesia avi+128 hlm;15 x 23 cm 0aSeni